Quizzes
Events
Quiz Creation
Community
Videos
Private Events
Remove Ads
Sign In
Join for FREE
Feedback
Dark Mode
Quiz Categories
Sports
Geography
Music
Movies
Television
Just For Fun
Miscellaneous
History
Literature
Language
Science
Gaming
Entertainment
Religion
Holiday
For Kids
Quiz Lab
Recent
Popular Today
Quiz Kudos Today
Editor Picks
Curator Picks
Quizzes by...
Day
Popularity
Type
Ratings
Length
Year
Community
Subscriptions
Recent Discussions
Orange Saloon
Badges
Playlists
Quests
Create
Leaderboards
Showdown
Live 5
Trivia Bingo
Activity
Puzzle Library
Sporcle Events
Private Events
Virtual Trivia
Globe League
Become a Host
Pub Owners
SporcleCon
Opinionation
Our Games
Videos
Blog
Mobile Apps
Partnerships
Remove Ads and Go Orange
Feedback
Sports
Athletes
MLB
NBA
NHL
NFL
Soccer
Sports Teams
WWE
NCAA
Football
Premier League
Basketball
Baseball
Hockey
Golf
Tennis
Cricket
Rugby
Auto Racing
Olympics
World Cup
Sports
Athletes
MLB
NBA
NHL
NFL
Soccer
Sports Teams
WWE
NCAA
Football
Premier League
Basketball
Baseball
Hockey
Golf
Tennis
Cricket
Rugby
Auto Racing
Olympics
World Cup
Random Quiz
Search Sporcle
×
Quiz Lab
Quiz Lab
Sports
Type in answers that appear in a list
Type in answers that appear in a list
Classic
Best Score? Go Orange.
Topp50 í spjótkasti karla Stats
Hvaða karlar eiga 50 bestu afrekin í spjótkasti?
By
Silfrid
10m
50 Questions
33 Plays
33 Plays
33 Plays
Comments
Comments
Give Quiz Kudos
Give Quiz Kudos
-
- Ratings
hide this ad
More Info
Replay
Link that replays current quiz
Next Quiz
Link to next quiz in quiz playlist
You Got
0%
They Got
Avg Score
61%
Avg Friend Score
Upgrade to see
Score Distribution
Jump to the score distribution portion of the page
Score
0/50
Timer
10:00
0
Plays Today
Árangur
Nafn
% Correct
86,80
Einar Vilhjálmsson
100%
80,66
Guðmundur Sverrisson
100%
74,05
Guðmundur Hólmar Jónsson
100%
72,47
Jón Ásgrímsson
100%
64,60
Jón Arnar Magnússon
100%
59,00
Einar Karl Hjartarson
100%
56,20
Guðmundur Karlsson
100%
56,03
Einar Daði Lárusson
100%
54,90
Jón Birgir Guðmundsson
100%
84,94
Sigurður Einarsson
97%
80,50
Sigurður Matthíasson
97%
62,61
Sigurður Karlsson
97%
59,21
Sigurður Gunnarsson
97%
58,86
Sigurður T Valgeirsson
97%
75,96
Örn Davíðsson
84.8%
70,25
Sindri Hrafn Guðmundsson
75.8%
68,71
Fannar Gíslason
69.7%
60,30
Arnar Már Þórisson
69.7%
57,68
Pétur Guðmundsson
66.7%
56,22
Gunnar Sigurðsson
66.7%
54,48
Stefán Þór Stefánsson
66.7%
73,30
Unnar Garðarsson
63.6%
67,86
Sigmar Vilhjálmsson
63.6%
63,14
Magnús Aron Hallgrímsson
63.6%
58,34
Unnar Vilhjálmsson
63.6%
Árangur
Nafn
% Correct
55,84
Ólafur Guðmundsson
63.6%
70,58
Jónas Hlynur Hallgrímsson
57.6%
62,30
Þorsteinn Reynir Þórsson
57.6%
54,77
Þorsteinn Helgi Guðmundsson
57.6%
62,42
Óskar Jakobsson
54.5%
60,96
Jóhann Vignir Hróbjartsson
54.5%
55,74
Helgi Þór Helgason
54.5%
60,70
Friðrik Theodórsson
48.5%
56,29
Halldór Lárusson
48.5%
54,35
Sverrir Guðmundsson
48.5%
59,14
Bogi Eggertsson
42.4%
61,49
Guðjón Kristinn Ólafsson
36.4%
60,90
Björgvin Þorsteinsson
36.4%
59,96
Þórarinn Hannesson
30.3%
57,11
Pálmi Pétursson
30.3%
58,26
Kjartan Kárason
27.3%
57,50
Óli Jóhann Daníelsson
27.3%
60,68
Þorgrímur Þráinsson
24.2%
56,28
Sigþór Helgason
24.2%
54,53
Svavar Ingvarsson
24.2%
58,26
Ágúst Andrésson
21.2%
58,08
Friðgeir Halldórsson
21.2%
56,92
Bergþór Arnar Ottósson
12.1%
54,70
Ómar Kristinsson
12.1%
54,44
Róbert Már Þorvaldsson
12.1%
Quiz Playlist
Details
Report
Send in Message
Add To Playlist
More Info:
50 bestu árangrar í spjótkasti karla samkvæmt Afrekaskrá FRÍ. NÓG ER AÐ SKRIFA FORNÖFN.
Classic:
Type in answers that appear in a list
Quiz Source
Last Updated: Feb 16, 2017
Quiz Scoreboard
CHALLENGE
Sign Up to Join the Scoreboard
Show All
Scores
Hide
Comments
May contain spoilers
Recently Published
9x9 Crossword: Cartoon Network
by jackfrog10
Miscellaneous
3m
College Basketball Coaching Resumes
by pancakes188
Sports
9m
Billboard Blitz: Fleetwood Mac
by CooCooCachoo
Music
15s
More to Explore
Quiz From the Vault
Featured Blog Post
Where Did the Easter Bunny Come From?
hide this ad
You Might Also Like...
Tags
This quiz does not have any tags.
Today's Top Quizzes in Sports
Browse Sports
hide this ad
Top Contributed Quizzes in Sports
1
2022 World Cup Stars
2
Les meilleurs buteurs des matchs entre le PSG et l’OM
3
FIFA Club World Cup Champions
4
Les entraîneurs de l'OM et du PSG au 21e siècle
5
Criteria MLB: Left Handed Sluggers
6
2023 MLB Unique Player Accomplishments
7
AFC Teams Reveal (Wrong Answers Minefield)
8
Players with Multiple 50 Home Run Seasons
9
5-to-1: FBS Animal Nicknames
10
5-to-1: UK Sports Teams
Explore More
Trending Topics
Harry Potter
Kpop
Disney
Marvel
NBA
Crossword
Anime
WWE
Country
The Office
Soccer
Song
NFL
Puzzle
Pokémon
hide this ad
More By:
Silfrid
Quiz
Plays
Rating
Category
Featured
Created
Topp50 í 800m karla
68
Sports
Dec 6, 2013
Topp50 í 200m karla
68
Sports
Nov 22, 2013
Topp50 í kúluvarpi karla
61
Sports
Dec 20, 2013
Topp50 í 100m kvenna
57
Sports
Dec 13, 2013
Topp50 í langstökki kvenna
47
Sports
Nov 29, 2013
Go to Creator's Profile
Score Distribution
Quiz Creator Spotlight
Silfrid
Follow
Send a Message
Quizzes Created
-
Created Quiz Play Count
-
More By This Creator
Popular Quizzes Today
1
Find the US States - No Outlines Minefield
2
Find the Countries of Europe - No Outlines Minefield
3
The Countries of the World
4
Find the US States
5
Risky Map Clicking: Biggest States A-Z
6
US States
7
Popular People in 1961
8
Movies - When Are They Set?
More Sports Quizzes
The Guardian's 100 Best Male Footballers - 2020
Published
Trending Quizzes
Risky Map Clicking: Least Populous States A-Z
1-10 Letter G Words
Risky Map Clicking: Next State Alphabetically
Adjectives in 80s TV Shows
Risky Map Clicking: Biggest States A-Z
Recently Updated
Leaping Animals
pecheneg
Reality TV Shows (A-Z)
bhenderson79
Rickey Henderson's Hall of Fame Teammates
pecheneg
Champions League XIs: Arsenal
pecheneg
Quick Pick: Celebrities in WWE's Hall of Fame
aduchscher
A-Z Keypad Blitz II
pecheneg
Multiple Oscar Actors
pecheneg
Mystery Phrase Blitz: Oscar 'Best Actors'
pecheneg
F. Scott Fitzgerald Novels
LTH
Pick 3 Villains
ddd62291
Trending Topics
Harry Potter
Kpop
Disney
Anime
NBA
Crossword
Marvel
The Office
NFL
Song
Puzzle
Pokémon
WWE
Country
Soccer
Your Account Isn't Verified!
In order to create a playlist on Sporcle, you need to verify the email address you used during registration. Go to your
Sporcle Settings
to finish the process.
Report this User
Report this user for behavior that violates our
Community Guidelines
.
Details:
Send Report
Go to the Sporcle.com Mobile Site →
Comments